01405nab a22002537a 4500999001500000003000400015005001700019008004100036040000700077100003200084245012700116260007300243300001500316500002700331505038600358505008200744650002300826650004000849650003400889650002300923700003700946773015500983942001301138 c5545d5545OSt20251215154313.0190429b xxu||||| |||| 00| 0 spa d cPJ 94726aGorra, Daniel Gustavo13aConsideraciones sobre la constitucionalidad del art. 56 bis de la Ley de Ejecución de Penas Privativas de la Libertad / cCiudad Autónoma de Buenos Aires :aThomson Reuters La Ley, b2025. ap. 215-234 aCita: AR/DOC/174/2025. aSumario: I. Introducción. Planteo del problema.— II. La modificación del art. 56 bis.— III. Antecedentes de la reforma.— IV. Tensiones. Reinserción vs. peligrosidad.— V. Jurisprudencia. Antes de la reforma del año 2017.— VI. Jurisprudencia. Tras la reforma del año 2017.— VII. Conclusiones.— VIII. Referencias bibliográficas.— IX. Jurisprudencia citada. tSi te interesa el texto completo, solicitalo a koha@justierradelfuego.gov.ar  09343aDERECHO PENAL 092208aPENA PRIVATIVA DE LA LIBERTAD 094048aCUMPLIMIENTO DE LA PENA 095662aADOLESCENTES 96524aHerrera, Diego H.ecoautor0 0265893164tRevista de derecho penal y criminología. Nº 2 - Marzo 2025dCiudad Autónoma de Buenos Aires : Thomson Reuters La Ley, 2017-x00347914 2udccANA